000 01471nam a2200373 c 4500
003 BLK
005 20250620005647.0
008 180410b bul|||||r ||||||| ||bul||
010 _aKNG00157077000
020 _a978-619-164-001-0
_bиздат.: Еnthusiast
040 _aBLK
041 _aBUL
_cBUL
072 7 _2bullib
_aН83
_xЧужда художествена литература Н
080 _aНемска литература
_b821.112.2
_x-312.4
_z821.112.2-312.4
100 1 _aТислер, Сабине
_eпърви автор
_9128924
700 _aПенева, Ваня Илиева
_d1957-
_gПреводач от немски, английски и руски език.
_eпрев. от нем.
_9363755
139 _aТислер, Сабине
_bТ 58
245 1 0 _aКолекционер на деца
_bРоман
_cСабине Тислер; прев. от нем. Ваня Илиева Пенева.
257 _aDEU
260 София
_bЕnthusiast
_c2012
_fСофия : Симолини
300 _a464 с.
_c21 см
380 _aX
490 1 _aМегатрилър
500 _aОриг. загл. Der Kindersammler / Sabine Thiesler.
653 _aтрилъри
653 _aромани
659 _aН
852 _aЦб 263462
856 4 _qpdf
_u
856 4 _qpdf
_u
942 _cKNG
_n0
_037
944 _aCR
_c21.02.2014
_lCRON CRON
_k
944 _aED
_c03.09.2014
_lф /
_k
999 _c150738
_d150738